书目信息 |
| 题名: |
工人师傅教你家装
|
|
| 作者: | 叶萍 编 | |
| 分册: | 水电改造600招 | |
| 出版信息: | 北京 中国电力出版社 2017.1 |
|
| 页数: | 260页 | |
| 开本: | 21cm | |
| 丛书名: | ||
| 单 册: | ||
| 中图分类: | TU82 , TU85 | |
| 科图分类: | ||
| 主题词: | 住宅--室内装修--水暖工--改造--基本知识 , 住宅--室内装修--电工--改造--基本知识 | |
| 电子资源: | ||
| ISBN: | 978-7-5198-0066-6 | |
| 000 | 01128nam0 2200277 450 | |
| 001 | 0400004679 | |
| 005 | 20171024153353.0 | |
| 010 | @a978-7-5198-0066-6@dCNY39.80 | |
| 100 | @a20170215d2017 em y0chiy50 ea | |
| 101 | 0 | @achi |
| 102 | @aCN@b110000 | |
| 105 | @aak z 000yy | |
| 106 | @ar | |
| 200 | 1 | @a工人师傅教你家装@9gong ren shi fu jiao ni jia zhuang@dHome decoration design and construction@i水电改造600招@f叶萍编@zeng |
| 210 | @a北京@c中国电力出版社@d2017.1 | |
| 215 | @a260页@c图@d21cm | |
| 330 | @a本书汇集600 条实用的知识点,内容全部由常年工作于装修一线的工人师傅总结得出,专业性强,更具参考价值。本书旨在帮助读者清晰地了解家装水电改造工程的施工准备、所需材料、施工技巧和验收妙招,令读者不用因为对水电一窍不通而苦恼,真正做到水电技能全面通。 | |
| 510 | 1 | @aHome decoration design and construction@zeng |
| 517 | 1 | @a水电改造600招@9shui dian gai zao 600 zhao |
| 606 | 0 | @a住宅@x室内装修@x水暖工@x改造@x基本知识 |
| 606 | 0 | @a住宅@x室内装修@x电工@x改造@x基本知识 |
| 690 | @aTU82@v5 | |
| 690 | @aTU85@v5 | |
| 701 | 0 | @a叶萍@9ye ping@4编 |
| 801 | 0 | @aCN@b91MARC@c20171024 |
| 905 | @b1038800-4@dTU82@f5@e1324 | |
| 工人师傅教你家装=Home decoration design and construction.水电改造600招/叶萍编.-北京:中国电力出版社,2017.1 |
| 260页:图;21cm |
| ISBN 978-7-5198-0066-6:CNY39.80 |
| 本书汇集600 条实用的知识点,内容全部由常年工作于装修一线的工人师傅总结得出,专业性强,更具参考价值。本书旨在帮助读者清晰地了解家装水电改造工程的施工准备、所需材料、施工技巧和验收妙招,令读者不用因为对水电一窍不通而苦恼,真正做到水电技能全面通。 |
| ● |
| 相关链接 |
|
|
|
|
正题名:工人师傅教你家装
索取号:TU82/1324
 
预约/预借
| 序号 | 登录号 | 条形码 | 馆藏地/架位号 | 状态 | 备注 |
| 1 | 1038800 | 210388007 | 第二样本阅览室/ [索取号:TU82/1324] | 在馆 | |
| 2 | 1038801 | 210388016 | 密集书库-生命科学系/ [索取号:TU82/1324] | 在馆 | |
| 3 | 1038802 | 210388025 | 第三借阅区/ [索取号:TU82/1324] | 在馆 | |
| 4 | 1038803 | 210388034 | 第三借阅区/ [索取号:TU82/1324] | 在馆 | |
| 5 | 1038804 | 210388043 | 第三借阅区/ [索取号:TU82/1324] | 在馆 |